=LDR 00000nam 2200000 4500 =001 NUTBA000000000002525 =005 20140619084814.0 =006 =007 =008 =020 ##$$a 978-602-855-352-0 =035 ##$$a 0010-061400000000468 =040 ##$$a NBPDMAT =082 ##$$a 728 =090 ##$$a 728 $b Iva r =100 ##$$a Ivan Masdudin =245 ##$$a Rumahku penuh dengan teknologi / $c Ivan Masdudin =250 ##$$a Cet.1 =260 ##$$a Banten : $b Kenanga Pustaka Indonesia, $c 2009 =300 ##$$a viii, 48 hlm. : $b ilus. ; $c 25 cm. =650 ##$$a Rumah =850 ##$$a NBPDMAT =990 ##$$a 21403422